Časovú tieseň vo verejnej správe museli zrušiť zákonom

Podľa predsedníčky Úradu pre verejné obstarávanie (ÚVO) obstarávatelia rokovacie konanie zneužívajú a zákon jednoducho obchádzajú. Vyhlasujú, že ide o časovú tieseň a využívali rokovacie konanie bez zverejnenia. Začiatkom r. 2003 bola táto možnosť zo zákona vypustená. Korupčné správanie v procese ve...

Descrizione completa

Salvato in:
Dettagli Bibliografici
Autore principale: Apolen, Peter
Natura: Capitolo di libro
Lingua:slovacco
Soggetti:
Tags: Aggiungi Tag
Nessun Tag, puoi essere il primo ad aggiungerne!!

MARC

LEADER 00000naa a2200000 4500
001 r048674
005 20230921114600.5
041 0 |a slo 
044 |a SK 
245 1 0 |a Časovú tieseň vo verejnej správe museli zrušiť zákonom  |c Peter Apolen 
520 |a Podľa predsedníčky Úradu pre verejné obstarávanie (ÚVO) obstarávatelia rokovacie konanie zneužívajú a zákon jednoducho obchádzajú. Vyhlasujú, že ide o časovú tieseň a využívali rokovacie konanie bez zverejnenia. Začiatkom r. 2003 bola táto možnosť zo zákona vypustená. Korupčné správanie v procese verejného obstarávania. Pokuty. 
610 2 0 |a obstarávanie verejné 
610 2 0 |a správa verejná 
610 2 0 |a zákony 
610 2 0 |a pokuty 
610 2 0 |a Slovensko 
100 1 |a Apolen, Peter